Negros y mulatos de Nueva España (Record no. 123236)

MARC details
000 -LEADER
campo de control de longitud fija 00501nam a2200157 4500
001 - NÚMERO DE CONTROL
campo de control 123236
003 - IDENTIFICADOR DE NÚMERO DE CONTROL
campo de control ES-MaACL
005 - FECHA Y HORA DE LA ÚLTIMA TRANSACCIÓN
campo de control 20230906192133.0
007 - CAMPO FIJO DE DESCRIPCIÓN FÍSICA--INFORMACIÓN GENERAL
campo de control de longitud fija t|
008 - DATOS DE LONGITUD FIJA--INFORMACIÓN GENERAL
campo de control de longitud fija 070214s1935 sp r ||||0| spa d
100 1# - ENTRADA PRINCIPAL--NOMBRE DE PERSONA
Nombre de persona Querol y Roso, Luis.
9 (RLIN) 94552
245 10 - MENCIÓN DEL TÍTULO
Título Negros y mulatos de Nueva España
Resto del título : (historia de su alzamiento en Méjico en 1612) /
Mención de responsabilidad, etc. Luis Querol y Roso.
260 ## - PUBLICACIÓN, DISTRIBUCIÓN, ETC.
Lugar de publicación, distribución, etc. Valencia :
Nombre del editor, distribuidor, etc. [s.n.],
Fecha de publicación, distribución, etc. 1935 (
Fabricante Hijo de F. Vives Mora)
300 ## - DESCRIPCIÓN FÍSICA
Extensión 49 p ;
Dimensiones 24 cm.
852 ## - LOCALIZACIÓN
Ubicación ES-MaACL
Número de control de estantería 1800-F-12
Holdings
Estatus retirado Estado de pérdida Estado de daño No para préstamo Colección Biblioteca de origen Biblioteca actual Ubicación en estantería Fecha de adquisición Fuente de adquisición Total de préstamos Signatura topográfica completa Código de barras Visto por última vez Precio de reemplazo Tipo de ítem Koha
        Colección de folletos Biblioteca del Ateneo de Madrid Biblioteca del Ateneo de Madrid Depósito folletos 17/01/2008     1800-F-12 1128408 23/02/2023 23/02/2023 Folleto